<?xml version="1.0" encoding="UTF-8"?>
<record
    xmlns:xsi="http://www.w3.org/2001/XMLSchema-instance"
    xsi:schemaLocation="http://www.loc.gov/MARC21/slim http://www.loc.gov/standards/marcxml/schema/MARC21slim.xsd"
    xmlns="http://www.loc.gov/MARC21/slim">

  <leader>01073nam a22002417a 4500</leader>
  <datafield tag="999" ind1=" " ind2=" ">
    <subfield code="c">61072</subfield>
    <subfield code="d">61072</subfield>
  </datafield>
  <controlfield tag="003">Ge_BSU</controlfield>
  <controlfield tag="005">20231213143427.0</controlfield>
  <controlfield tag="008">231213s2018    ge ||||| |||| 00| 0 geo d</controlfield>
  <datafield tag="020" ind1=" " ind2=" ">
    <subfield code="a">9789941477041</subfield>
  </datafield>
  <datafield tag="041" ind1=" " ind2=" ">
    <subfield code="a">geo</subfield>
  </datafield>
  <datafield tag="080" ind1=" " ind2=" ">
    <subfield code="a">631.15 &#x10DC;-69</subfield>
  </datafield>
  <datafield tag="100" ind1=" " ind2=" ">
    <subfield code="a">&#x10DC;&#x10D8;&#x10DF;&#x10D0;&#x10E0;&#x10D0;&#x10EB;&#x10D4;, &#x10D0;&#x10DB;&#x10D8;&#x10E0;&#x10D0;&#x10DC;.</subfield>
    <subfield code="9">20704</subfield>
  </datafield>
  <datafield tag="245" ind1=" " ind2=" ">
    <subfield code="a">&#x10E1;&#x10DD;&#x10E4;&#x10DA;&#x10D8;&#x10E1; &#x10DB;&#x10D4;&#x10E3;&#x10E0;&#x10DC;&#x10D4;&#x10DD;&#x10D1;&#x10D8;&#x10E1; &#x10EC;&#x10D0;&#x10E0;&#x10DB;&#x10DD;&#x10D4;&#x10D1;&#x10D8;&#x10E1; &#x10DD;&#x10E0;&#x10D2;&#x10D0;&#x10DC;&#x10D8;&#x10D6;&#x10D0;&#x10EA;&#x10D8;&#x10D0; :</subfield>
    <subfield code="b"> &#x10D0;&#x10D2;&#x10E0;&#x10DD;&#x10DC;&#x10DD;&#x10DB;&#x10D8;&#x10E1; &#x10E0;&#x10D4;&#x10D9;&#x10DD;&#x10DB;&#x10D4;&#x10DC;&#x10D3;&#x10D0;&#x10EA;&#x10D8;&#x10D4;&#x10D1;&#x10D8; /</subfield>
    <subfield code="c">&#x10D0;&#x10DB;&#x10D8;&#x10E0;&#x10D0;&#x10DC; &#x10DC;&#x10D8;&#x10DF;&#x10D0;&#x10E0;&#x10D0;&#x10EB;&#x10D4;.</subfield>
  </datafield>
  <datafield tag="264" ind1=" " ind2=" ">
    <subfield code="a">&#x10D7;&#x10D1;&#x10D8;&#x10DA;&#x10D8;&#x10E1;&#x10D8; : </subfield>
    <subfield code="b">&#x10E1;&#x10D0;&#x10D0;&#x10E0;&#x10D8;, </subfield>
    <subfield code="c">2018.</subfield>
  </datafield>
  <datafield tag="300" ind1=" " ind2=" ">
    <subfield code="a">330 &#x10D2;&#x10D5;. :</subfield>
    <subfield code="b">&#x10D8;&#x10DA;., &#x10EA;&#x10EE;&#x10E0;. ; </subfield>
    <subfield code="c">21 &#x10E1;&#x10DB;.</subfield>
  </datafield>
  <datafield tag="653" ind1=" " ind2=" ">
    <subfield code="a">&#x10DB;&#x10D4;&#x10DB;&#x10D8;&#x10DC;&#x10D3;&#x10D5;&#x10E0;&#x10D4;&#x10DD;&#x10D1;&#x10D0;</subfield>
  </datafield>
  <datafield tag="653" ind1=" " ind2=" ">
    <subfield code="a">&#x10DB;&#x10D4;&#x10E4;&#x10E0;&#x10D8;&#x10DC;&#x10D5;&#x10D4;&#x10DA;&#x10D4;&#x10DD;&#x10D1;&#x10D0;</subfield>
  </datafield>
  <datafield tag="653" ind1=" " ind2=" ">
    <subfield code="a">&#x10DB;&#x10D4;&#x10EA;&#x10D8;&#x10E2;&#x10E0;&#x10E3;&#x10E1;&#x10D4;&#x10DD;&#x10D1;&#x10D0;</subfield>
  </datafield>
  <datafield tag="653" ind1=" " ind2=" ">
    <subfield code="a">&#x10DB;&#x10D4;&#x10D1;&#x10DD;&#x10E1;&#x10E2;&#x10DC;&#x10D4;&#x10DD;&#x10D1;&#x10D0;</subfield>
  </datafield>
  <datafield tag="653" ind1=" " ind2=" ">
    <subfield code="a">&#x10E1;&#x10D8;&#x10DB;&#x10D8;&#x10DC;&#x10D3;&#x10D8;&#x10E1; &#x10D9;&#x10E3;&#x10DA;&#x10E2;&#x10E3;&#x10E0;&#x10D0;</subfield>
  </datafield>
  <datafield tag="653" ind1=" " ind2=" ">
    <subfield code="a">&#x10DB;&#x10D6;&#x10D4;&#x10E1;&#x10E3;&#x10DB;&#x10D6;&#x10D8;&#x10E0;&#x10D8;&#x10E1; &#x10D9;&#x10E3;&#x10DA;&#x10E2;&#x10E3;&#x10E0;&#x10D0;</subfield>
  </datafield>
  <datafield tag="942" ind1=" " ind2=" ">
    <subfield code="2">udc</subfield>
    <subfield code="c">&#x1CAC;&#x1C98;&#x1C92;&#x1C9C;&#x1C98;</subfield>
  </datafield>
  <datafield tag="952" ind1=" " ind2=" ">
    <subfield code="0">0</subfield>
    <subfield code="1">0</subfield>
    <subfield code="2">udc</subfield>
    <subfield code="4">0</subfield>
    <subfield code="6">63115_&#x10DC;69</subfield>
    <subfield code="7">0</subfield>
    <subfield code="9">97339</subfield>
    <subfield code="a">MPL</subfield>
    <subfield code="b">MPL</subfield>
    <subfield code="c">GEN</subfield>
    <subfield code="d">2023-12-13</subfield>
    <subfield code="g">10.00</subfield>
    <subfield code="o">631.15 &#x10DC;-69</subfield>
    <subfield code="p">66951</subfield>
    <subfield code="r">2023-12-13</subfield>
    <subfield code="t">66951</subfield>
    <subfield code="w">2023-12-13</subfield>
    <subfield code="y">&#x1CAC;&#x1C98;&#x1C92;&#x1C9C;&#x1C98;</subfield>
    <subfield code="z">10 &#x10DA;.</subfield>
  </datafield>
  <datafield tag="952" ind1=" " ind2=" ">
    <subfield code="0">0</subfield>
    <subfield code="1">0</subfield>
    <subfield code="2">udc</subfield>
    <subfield code="4">0</subfield>
    <subfield code="6">63115_&#x10DC;69</subfield>
    <subfield code="7">0</subfield>
    <subfield code="9">102820</subfield>
    <subfield code="a">MPL</subfield>
    <subfield code="b">MPL</subfield>
    <subfield code="c">GEN</subfield>
    <subfield code="d">2025-05-01</subfield>
    <subfield code="g">10.00</subfield>
    <subfield code="o">631.15 &#x10DC;-69</subfield>
    <subfield code="p">71305</subfield>
    <subfield code="r">2025-05-01</subfield>
    <subfield code="t">71305</subfield>
    <subfield code="w">2025-05-01</subfield>
    <subfield code="y">&#x1CAC;&#x1C98;&#x1C92;&#x1C9C;&#x1C98;</subfield>
    <subfield code="z">10.00</subfield>
  </datafield>
</record>
